| 000 | 01068nam a2200229Ia 4500 | ||
|---|---|---|---|
| 999 |
_c29070 _d29070 |
||
| 003 | OSt | ||
| 005 | 20210422104922.0 | ||
| 008 | 160316s1908 xxu||||| |||| 00| 0 eng d | ||
| 020 | _a9781104175788 | ||
| 040 | _c. | ||
| 082 |
_a346.015 TRE _bTRE |
||
| 100 | _aTrevelyan Ernest John | ||
| 245 | _aHindu family law : As administered in British India | ||
| 260 |
_aLondon _bW Thacker & Co. _c1908 |
||
| 300 |
_a392p _clxiv |
||
| 365 | _b Rs. 1,447 | ||
| 505 | _aCONTENTS. CHAPTER 1 HUSBAND AND WIFE; CEAPTER 2 HUBBAND AND WIFE; CEAPTER 3 REL/\TIONSHIP OF PARENT AND CHILD, ADOPTION ; CEAPTER 4 PARENT AND CHILD,continued; CHAPTER 5 PARENT AND CHILD, continued; CHAPTER 6 THE JOINT FAMILY AND ITS PROPERTY; CHAPTER 7 MANAGEMENT AND DISPOSAL OF PROPERTY OF JOINT FAMILY; CHAPTER 8 THE DEBTS OF A FATHER UNDER THE MITAKSHRA LAW; CHAPTER 9 PARTITION; INDEX | ||
| 650 | _a1. Hindu - Family Law | ||
| 700 |
_a _a |
||
| 856 | _uhttps://ia802608.us.archive.org/5/items/hindufamilylawa00trevgoog/hindufamilylawa00trevgoog.pdf | ||
| 942 |
_2ddc _cBK |
||